000 01979cam a2200493 a 4500
001 21419
003 VRT
005 20260302100556.0
008 240226s2002 xo a jr 000 j slo
015 _aSNBA2002
020 _a805510333X
_q(viazané)
035 _aSNK000395066
035 _aurn:nbn:sk:snk-am3iq4i
035 _aF244B274-3788-4A55-B416-BF23C55ECC9B
035 _aurn:nbn:sk:snk-am00fbyl
039 9 _a202501071426
_bAUTHORITY
_c202402261659
_dVLOAD
_c202202061447
_dAUTHORITY
_c202202061431
_dAUTHORITY
040 _aSNK
_bslo
_cSNK
_eAACR2
041 1 _aslo
_hcze
044 _axo
_cSK
072 7 _a821.162.3-3
_xČeská próza
_2konspekt
072 7 _a821-93
_xLiteratúra pre deti a mládež (beletria)
_2konspekt
080 _a821.162.3-34
_22011
080 _a82-93-053.4/.5
_22011
245 0 0 _aZvieratká a zbojníci
_bs obrázkami Dagmar Ježkovej
_c[upravila Alena Peisertová ; ilustrovala Dagmar Ježková ; z českého originálu preložila Viera Švenková ]
250 _a1. vyd.
260 _aBratislava
_bIkar
_c2002
300 _a37 strán
_bfarebné ilustrácie
_c25 cm
490 1 _aLienka
500 _aPreložené z češtiny ; ilustrácie na titulnej strane a predsádkach ; údaj o upravovateľke, ilustrátorke a prekladateľke prevzatý z tiráže
655 7 _ačeské rozprávky
_2SNKPH
655 7 _aliteratúra pre deti
_2SNKPH
655 7 _aliteratúra pre mládež
_2SNKPH
700 1 _aJežková, Dagmar,
_d1953-
_4ill
700 1 _aŠvenková, Viera,
_d1937-
_4trl
700 1 _aPeisertová, Alena,
_d1952-
_4adp
830 0 _aLienka
910 _asnk
942 _2ddc
_cKLDE
_n0
949 _63869A06124
_abpksh821.162.4-32
_bbpksh45902
949 _617A0354452
_9P60, <03>, [BOOK], {603}
_asnkSC 109066
_bsnkKSP 10393/2002
_s6100:20201123
949 _617A0354453
_9P60, <04>, [BOOK], {604}
_asnkSC 109066 D1
_bsnkKSP 10394/2002
949 _6273K0117306
_asvkpoB 70692
_bsvkpo454399
949 _62889367557
_asavukPV 4893
999 _c21419
_d21419